Регионална библиотека "Любен Каравелов" - Русе

[Sieben] 7 Kilo Zeit (Запис номер 400773)

MARC детайли
000 -Лидер
Контролно поле с фиксирана дължина nam a22 a 4500
003 - Код на организацията, давaща контролен номер
Контролно поле BLK
005 - Дата и час на последна редакция
Контролно поле 20220228132613.0
008 - Елементи от данни с фиксирана дължина
fixed length control field 210321b bul|||||r ||||||| ||bul||
010 ## - Наследен системен номер
LC control number KNG00053776000
020 ## - Международен стандартен номер на книга ISBN
Международен стандартен номер на книга ISBN 3895021059
040 ## - Източник на каталожния запис
Идентификатор на билиотеката - собственик на записа BLK
041 ## - Код за език
Код за езика на текст/звукозапис или на отделно заглавие Немски
Код за езика КДБФ Немски
072 ## - Код за тематичната категория
9 (RLIN) 178370
Код за тематична категория Я
Текст Автографи
080 ## - УДК
Текстов определител УДК Немска литература
УДК код - определител по УДК 821.112.2
УДК определител -31
УДК - код + определител 821.112.2-31
100 1# - Редна дума - Автор
Автор Zacharieva, Rumjana
Авторска отговорност първи автор
R(LIN) 282913
139 ## - Редно поле
Редна дума Zacharieva, Rumjana
Авторски знак Zach - Z 13
245 10 - Сведения за заглавието
Заглавие [Sieben] 7 Kilo Zeit
Подзаглавни данни Roman
Редно поле (дума) Rumjana Zacharieva.
257 ## - Страна на издаване
Страна на създаване/издаване Германия
260 ## - Област на издателските данни
Място на издаване, разпространение и проч. Bad Honnef
Име на издателя, разпространителя и проч. Horlemann
Година на издаване 1999
9 (RLIN) 212575
Издателство - префикс ISBN 3-89502-
300 ## - Физическа характеристика
Страници 252 c.
Размери/Мащаб 22 см
380 ## - Жанр
Жанр Худож. лит.
500 ## - Общи забележки
Забележка Автограф:Румяня Захариева
659 #7 - Тематичен бюлетин
9 (RLIN) 178167
Тематичен бюлетин Я
Тематичен бюлетин - текст Автографи
852 ## - Местоположение
Фондова буква Краезнание
Систематично-азбучна сигнатура 821.112.2/Z 13 R
852 ## - Местоположение
Фондова буква Краезнание
Систематично-азбучна сигнатура K 821/Z 13 R
856 4# - Електронен адрес и достъп
Електронен формат pdf - файл
856 4# - Електронен адрес и достъп
Електронен формат pdf - файл
999 ## - СИСТЕМНИ КОНТРОЛНИ НОМЕРА
Koha biblionumber 400773
Koha biblioitemnumber 400773
942 ## - АРТИКУЛИ
Вид на библиотечния материал Книги
Скрит в OPAC Не
Периодичен библиозапис Да
944 ## - СЪЗДАВАНЕ И РЕДАКЦИЯ на ЗАПИСА
Създаване/Редакция Създаване
Дата на регистрацията/редакция 2021-03-12
Служител, извършил регистрацията/редакцията A.M=
999 ## - СИСТЕМНИ КОНТРОЛНИ НОМЕРА
Koha biblioitemnumber 400773
999 ## - СИСТЕМНИ КОНТРОЛНИ НОМЕРА
Koha biblioitemnumber 400773
999 ## - СИСТЕМНИ КОНТРОЛНИ НОМЕРА
Koha biblioitemnumber 400773
999 ## - СИСТЕМНИ КОНТРОЛНИ НОМЕРА
Koha biblioitemnumber 49915
Наличности
Код за отписване Код за изгубен артикул Източник на класификационната схема Код за повреда Коз за рестрикции Код за отдаване Артикулен № Име на библиотеката - собственик Име на библиотеката, в която се намира в момента Статус (Текущо местоположение) Дата на вписване в системата Местоположение - отдел Цена в лева Инвентарен номер Систематично азбучна сигнатура Баркод Цена в евро Служебен тип на артикула
  Не е изгубен Universal Decimal Classification Не е повреден само за читалня ползва се в читалня 815992 Регионална библиотека "Любен Каравелов" Русе Регионална библиотека "Любен Каравелов" Русе Краезнание 2021-03-13 Краезнание 8.00 120000853283 К 821/Z 13 R 120000853283 4.09 Книги
Vip Innovations Ltd, Rousse, Bulgaria 2025